Statistics for One Term U.S. Presidents

Click here to take the quiz!

General Stats

  • This quiz has been taken 1,283 times
    (996 since last reset)
  • The average score is 9 of 11

Answer Stats

Answer% Correct
Donald Trump
95%
George H. W. Bush
90%
Jimmy Carter
89%
John Adams
84%
John Quincy Adams
84%
Gerald Ford
80%
Herbert Hoover
75%
Benjamin Harrison
72%
William Taft
70%
Martin Van Buren
62%
Grover Cleveland
57%

Score Distribution

Percentile by Number Answered

Percent of People with Each Score

Your Score History

You have not taken this quiz since the last reset